Представление документа в формате MARC21

Поле Инд. ПП Название Значение
Тип записи a
Библиографический уровень b
001 Контрольный номер e8ed968bbf984c6a9e59f4f9ded3b8be
005 Дата корректировки 20200812174236.1
008 Кодируемые данные 20170331
040 b Код языка каталог. rus
e Правила каталог. PSBO
041 0_ a Код языка текста rus
084 a Индекс другой классификации/Индекс ББК 67.401.04(2Рос)
100 1_ a Автор Куракин А. В.
100 1_ a Автор Карпухин Д. В.
245 10 a Заглавие Актуальные вопросы Концепции нового Кодекса Российской Федерации об административных правонарушениях
650 14 a Основная рубрика право; административное право
653 0_ a Ключевые слова административное приостановление деятельности
a Ключевые слова административные деликты
a Ключевые слова административные наказания
a Ключевые слова административные правонарушения
a Ключевые слова Кодекс РФ об административных правонарушениях
a Ключевые слова концепция права
a Ключевые слова Россия
a Ключевые слова цифровые технологии
773 08 t Заглавие источника Российская юстиция
d Дата издания источника 2020
g Прочая информация № 2. - С. 2 - 6
w Контрольный № источника bd79b8de93a941129b7f256c84795769
901 t Тип документа b